[Event "BL2-West 9192"]
[Site "Germany"]
[Date "1992.??.??"]
[Round "4.1"]
[White "Ostojic, Predrag"]
[Black "Dueball, Juergen"]
[Result "1/2-1/2"]
[WhiteElo "2355"]
[BlackElo "2410"]
[PlyCount "65"]
[EventDate "1991.10.??"]
[EventType "team-tourn"]
[EventRounds "9"]
[EventCountry "GER"]
[SourceTitle "GER-chT2"]
[Source "ChessBase"]
[SourceDate "1999.07.01"]
[SourceVersion "1"]
[SourceVersionDate "1999.07.01"]
[SourceQuality "1"]
[WhiteTeam "Frankfurt II"]
[BlackTeam "Solingen II"]
[WhiteTeamCountry "GER"]
[BlackTeamCountry "GER"]

1. e4 c5 2. Nf3 Nc6 3. d4 cxd4 4. Nxd4 Nf6 5. Nc3 d6 6. Bg5 e6 7. Qd2 a6 8. 0-0-0 Bd7 9. f4 b5 10. Nxc6 Bxc6 11. Qe3 Be7 12. Bxf6 gxf6 13. Bd3 Qa5 14. Kb1 0-0-0 15. a3 Rd7 16. Na2 Rb7 17. Nb4 Bd7 18. c4 Qb6 19. Qxb6 Rxb6 20. cxb5 axb5 21. Rc1+ Kb7 22. Rc3 Rc8 23. Rxc8 Kxc8 24. Rf1 Rb8 25. Rf3 Kb7 26. Rh3 Rh8 27. Rh5 Kb6 28. Na2 h6 29. Nc3 f5 30. exf5 d5 31. g4 Bd6 32. fxe6 fxe6 33. f5 1/2-1/2